Proceedings of the ESCAP/FAO UNEP export group (Record no. 685222)

MARC details
000 -LEADER
fixed length control field 00927nam a2200253Ia 4500
003 - CONTROL NUMBER IDENTIFIER
control field OSt
005 - DATE AND TIME OF LATEST TRANSACTION
control field 20220927103939.0
008 - FIXED-LENGTH DATA ELEMENTS--GENERAL INFORMATION
fixed length control field 220926b |||||||| |||| 00| 0 eng d
037 ## - SOURCE OF ACQUISITION
Terms of availability Reference Collections
040 ## - CATALOGING SOURCE
Original cataloging agency RTL
Transcribing agency RTL
Language of cataloging eng
041 ## - LANGUAGE CODE
Source of code eng
Language code of text/sound track or separate title eng
110 ## - MAIN ENTRY--CORPORATE NAME
Corporate name or jurisdiction name as entry element "United nations, Economic Andsocial Commission For Asia And The Pacific"
9 (RLIN) 362358
245 #0 - TITLE STATEMENT
Title Proceedings of the ESCAP/FAO UNEP export group
Remainder of title Meeting on fuelwood and charcoal
260 ## - PUBLICATION, DISTRIBUTION, ETC.
Place of publication, distribution, etc. New
Name of publisher, distributor, etc. York United Nations U K
Date of publication, distribution, etc. 1982
490 ## - SERIES STATEMENT
Series statement "UN, Energy Resources Development Series.24"
650 ## - SUBJECT ADDED ENTRY--TOPICAL TERM
Topical term or geographic name entry element Coal Industry
9 (RLIN) 362359
700 ## - ADDED ENTRY--PERSONAL NAME
Personal name "United nations, Economic Andsocial Commission For Asia And The Pacific"
9 (RLIN) 362360
942 ## - ADDED ENTRY ELEMENTS (KOHA)
Classification part "X9(F551).1.N7, M2/UN"
Koha item type
Holdings
Withdrawn status Lost status Damaged status Not for loan Home library Current library Date acquired Total Checkouts Full call number Barcode Date last seen Price effective from Koha item type
        Ratan Tata Library Ratan Tata Library 2022-09-27   "X9(F551).1.N7 M2/UN" RT0627549 2022-09-27 2022-09-27  
Copyright @ Delhi University Library System